000 00864nam a2200253 i 4500
001 19070
003 ES-MaACL
005 20250824212230.0
007 t|
008 020603s1990 sp ||||1| spa d
020 _a84-86568-32-3
080 _a821.134.2-9"19"
100 1 _aFernández Molina, Antonio.
_949932
245 1 3 _aLa guerra de los Cien Años y otros guiones cinematográficos /
_cA.F. Molina ; edición, introducción y notas de Jesús Ferrer Solá.
260 _aMadrid :
_bPrensa y Ediciones Iberoamericanas,
_c[1990]
300 _a60 p. ;
_c21 cm.
490 1 _aLos libros de doña Berta ;
_v18
655 7 _aGuiones cinematográficos
_2tgfbne
_9234355
700 1 _aFerrer Solá, Jesús.
_950498
830 1 4 _aLos libros de doña Berta
_v18
_9178268
852 _aES-MaACL
_j2168-F-18
942 _2udc
999 _c19070
_d19070